Normal view
MARC view
- Reynolds, Tom D.
Entry Personal Name
001 - CONTROL NUMBER
- control field: 262
003 - CONTROL NUMBER IDENTIFIER
- control field: NUST
005 - DATE AND TIME OF LATEST TRANSACTION
- control field: 20170510111333.0
008 - FIXED-LENGTH DATA ELEMENTS
- fixed length control field: 170510|| aca||aabn | a|a d
040 ## - CATALOGING SOURCE
- Original cataloging agency: NUST
- Transcribing agency: NUST
100 ## - HEADING--PERSONAL NAME
- Personal name: Reynolds, Tom D.
670 ## - SOURCE DATA FOUND
- Source citation: Work cat.: (NUST)0: Reynolds, Tom D., Unit Operations and Processes in Environmental Engineering /, c1996.
